000 00488nam a2200181Ia 4500
005 20250326142821.0
008 250326s9999 xx 000 0 und d
037 _aTextbook
040 _aFMSL
_beng
_cFMSL
041 _aeng
_2eng
084 _aX:8 M4
_qFMSL
100 _aPascarella P
_9746654
245 0 _aNew achievers creating a modern work ethic
_cPascarella P
260 _aNY
_bNY, Free
_c1984
300 _a220p
942 _cTB
_hX:8 M4
999 _c1296769
_d1296769